<?xml version="1.0" encoding="UTF-8"?>
<record
    xmlns:xsi="http://www.w3.org/2001/XMLSchema-instance"
    xsi:schemaLocation="http://www.loc.gov/MARC21/slim http://www.loc.gov/standards/marcxml/schema/MARC21slim.xsd"
    xmlns="http://www.loc.gov/MARC21/slim">

  <leader>00882amm a2200313   4500</leader>
  <controlfield tag="005">20241220114413.0</controlfield>
  <controlfield tag="007">cr |||||||||||</controlfield>
  <controlfield tag="008">231213s2023    2       o  |        cat  cat</controlfield>
  <datafield tag="041" ind1=" " ind2=" ">
    <subfield code="a">cat</subfield>
  </datafield>
  <datafield tag="041" ind1=" " ind2=" ">
    <subfield code="b">eng</subfield>
  </datafield>
  <datafield tag="041" ind1=" " ind2=" ">
    <subfield code="b">spa</subfield>
  </datafield>
  <datafield tag="041" ind1=" " ind2=" ">
    <subfield code="b">fre</subfield>
  </datafield>
  <datafield tag="041" ind1=" " ind2=" ">
    <subfield code="b">ita</subfield>
  </datafield>
  <datafield tag="110" ind1=" " ind2=" ">
    <subfield code="a">TERMCAT</subfield>
    <subfield code="9">60609</subfield>
  </datafield>
  <datafield tag="245" ind1=" " ind2=" ">
    <subfield code="a">Diccionari de b&#xE0;squet</subfield>
    <subfield code="h">[en l&#xED;nia]</subfield>
    <subfield code="c">TERMCAT, Centre de Terminologia</subfield>
  </datafield>
  <datafield tag="260" ind1=" " ind2=" ">
    <subfield code="a">Barcelona</subfield>
    <subfield code="b">TERMCAT, Centre de Terminologia</subfield>
    <subfield code="c">2023-2024</subfield>
  </datafield>
  <datafield tag="490" ind1=" " ind2=" ">
    <subfield code="a">Diccionaris en L&#xED;nia</subfield>
  </datafield>
  <datafield tag="500" ind1=" " ind2=" ">
    <subfield code="a">Categoria gramatical, sin&#xF2;nims, remissions, notes</subfield>
  </datafield>
  <datafield tag="500" ind1=" " ind2=" ">
    <subfield code="b">termcat</subfield>
  </datafield>
  <datafield tag="520" ind1=" " ind2=" ">
    <subfield code="a">375</subfield>
  </datafield>
  <datafield tag="546" ind1=" " ind2=" ">
    <subfield code="a">catal&#xE0;</subfield>
  </datafield>
  <datafield tag="591" ind1=" " ind2=" ">
    <subfield code="a">BASQUET-E</subfield>
  </datafield>
  <datafield tag="592" ind1=" " ind2=" ">
    <subfield code="a">Obra terminol&#xF2;gica</subfield>
  </datafield>
  <datafield tag="593" ind1=" " ind2=" ">
    <subfield code="a">VKA</subfield>
  </datafield>
  <datafield tag="650" ind1=" " ind2="0">
    <subfield code="a">basquetbol</subfield>
    <subfield code="9">60729</subfield>
  </datafield>
  <datafield tag="830" ind1=" " ind2=" ">
    <subfield code="a">Diccionaris en L&#xED;nia</subfield>
    <subfield code="9">74364</subfield>
  </datafield>
  <datafield tag="856" ind1=" " ind2=" ">
    <subfield code="u">https://www.termcat.cat/ca/diccionaris-en-linia/318</subfield>
  </datafield>
  <datafield tag="942" ind1=" " ind2=" ">
    <subfield code="c">MO</subfield>
    <subfield code="2">ddc</subfield>
    <subfield code="n">0</subfield>
  </datafield>
  <datafield tag="999" ind1=" " ind2=" ">
    <subfield code="c">68801</subfield>
    <subfield code="d">68801</subfield>
  </datafield>
  <datafield tag="952" ind1=" " ind2=" ">
    <subfield code="0">0</subfield>
    <subfield code="1">0</subfield>
    <subfield code="4">0</subfield>
    <subfield code="7">0</subfield>
    <subfield code="a">TERMCAT</subfield>
    <subfield code="b">TERMCAT</subfield>
    <subfield code="d">2023-12-13</subfield>
    <subfield code="l">0</subfield>
    <subfield code="p">P_68925</subfield>
    <subfield code="r">2023-12-13 00:00:00</subfield>
    <subfield code="u">https://www.termcat.cat/ca/diccionaris-en-linia/318</subfield>
    <subfield code="w">2023-12-13</subfield>
    <subfield code="y">MO</subfield>
  </datafield>
</record>
